000 00419nam a22001577a 4500
005 20251108165242.0
008 250721s1985 xx 000 0 ara d
082 1 4 _a613.2/محم
100 1 _aرفعت، محمد
245 1 0 _aالغذاء يغني عن الدواء /
264 1 _aبيروت :
_bدار البحار،
_c1985.
300 _a288ص
650 1 7 _aالتغذية
942 _2ddc
_cBK
999 _c23266
_d23266